Loading...
Leadership, Psychology And Organizational Behavior /
| Main Author: | |
|---|---|
| Format: | Printed Book |
| Published: |
New York
Harper & Brothers
1960
|
| LEADER | 00430nam a22001217a 4500 | ||
|---|---|---|---|
| 082 | |a 658 |b BAS;1 | ||
| 100 | |a Bass, Bernard M | ||
| 245 | |a Leadership, Psychology And Organizational Behavior / |c Bernard M Bass | ||
| 260 | |a New York |b Harper & Brothers |c 1960 | ||
| 300 | |a 547 | ||
| 942 | |c BK | ||
| 999 | |c 297173 |d 297173 | ||
| 952 | |0 0 |1 0 |4 0 |6 658_000000000000000_BAS1 |7 0 |9 316630 |a PSY |b PSY |c GEN |d 2020-09-03 |l 0 |o 658 BAS;1 |p PSY1500 |r 2020-09-03 |w 2020-09-03 |y BK | ||